LEADER 00792nam0-22002891i-450- 001 990003184440403321 035 $a000318444 035 $aFED01000318444 035 $a(Aleph)000318444FED01 035 $a000318444 100 $a20000920d1984----km-y0itay50------ba 101 0 $aeng 102 $aIT 200 1 $aRisk and Trade Policy$fDavid M.G. Newbery, Joseph E.Stigltz. 210 $aCambridge$cDepartment of Applied Economics$d1984 215 $a32 p.$d20 cm 676 $aO/3.10 676 $aO/3.3 702 1$aNewbery,$bDavid M. 702 1$aStiglitz,$bJoseph Eugene$f<1943- > 801 0$aIT$bUNINA$gRICA$2UNIMARC 901 $aBK 912 $a990003184440403321 952 $aA/71 ECO$b864 b$fSES 959 $aSES 996 $aRisk and Trade Policy$9452314 997 $aUNINA